00916cam a22002054a 4500020001500000020001800015050001700033100002100050245021100071260013100282300002100413500006000434505003900494650003400533650003200567650002600599700002400625700002800649710003300677 a996430336X a978996430336500aHD2146b.B751 aBritwum, Akua O.10aOrganizing labour in the informal sector :bthe conditions of rural agriculture in Ghana : a TUC Ghana-University of Cape Coast, APADEP case study /cAkua O. Britwum, Nana K.T. Ghartey, Patrick Agbesinyale. aAccra :bGhana Universities Press ;aOxford, UK :bDistributed in Europe and North America by African Books Collective,c2006. a172 p. ;c22 cm. a"Published for Ghana Trade Union Congress"--T.p. verso. aincludes bibliographic referenence 0aAgriculturexEconomic aspects 0aInformal sector (Economics) 0aAgricultural laborers1 aGhartey, Nana K. T.1 aAgbesinyale, Patrick K.2 aGhana Trades Union Congress.